Al-taba yanahaz (Record no. 1227471)

MARC details
000 -LEADER
fixed length control field 00571nam a2200217Ia 4500
005 - DATE AND TIME OF LATEST TRANSACTION
control field 20241129110137.0
008 - FIXED-LENGTH DATA ELEMENTS--GENERAL INFORMATION
fixed length control field 241129s9999||||xx |||||||||||||| ||und||
020 ## - INTERNATIONAL STANDARD BOOK NUMBER
International Standard Book Number 978-977-09-3397-8
037 ## - SOURCE OF ACQUISITION
Stock number TB
040 ## - CATALOGING SOURCE
Original cataloging agency ARTS
Language of cataloging eng
Transcribing agency ARTS
041 ## - LANGUAGE CODE
Language code of text/sound track or separate title eng
Source of code ara
084 ## - COLON CLASSIFICATION NUMBER
Classification number O28:g Q6
Assigning agency ARTS
100 ## - MAIN ENTRY--PERSONAL NAME
Personal name Ashoor Rizvi Au.
9 (RLIN) 727384
245 #0 - TITLE STATEMENT
Title Al-taba yanahaz
Statement of responsibility, etc. Ashoor Rizvi Au.
260 ## - PUBLICATION, DISTRIBUTION, ETC.
Place of publication, distribution, etc. Cairo, Egypt
Name of publisher, distributor, etc. Darul shoro
Date of publication, distribution, etc. 2016
300 ## - PHYSICAL DESCRIPTION
Extent 163p.
365 ## - TRADE PRICE
Price type code INR
Price amount 370
650 ## - SUBJECT ADDED ENTRY--TOPICAL TERM
Topical term or geographic name entry element Arabic Literature
942 ## - ADDED ENTRY ELEMENTS (KOHA)
Koha item type Textbook
Classification part O28:g Q6
Holdings
Withdrawn status Lost status Damaged status Not for loan Home library Current library Date acquired Source of acquisition Cost, normal purchase price Inventory number Total Checkouts Full call number Barcode Date last seen Price effective from Koha item type
        Arts Library Arts Library 2024-11-29 Nadwi Publications 370.00 1724 & 27/01/2024   O28:g Q6 AL1803505 2024-11-29 2024-11-29 Textbook
Copyright @ Delhi University Library System